Khí cụ điện: Lý thuyết kết cấu và tính toán, lựa chọn và sử dụng

Guardat en:
Dades bibliogràfiques
Autor principal: Nguyễn Xuân Phú
Format: Llibre
Idioma:Undetermined
Publicat: H. KHKT 2001
Matèries:
Etiquetes: Afegir etiqueta
Sense etiquetes, Sigues el primer a etiquetar aquest registre!
Thư viện lưu trữ: Trung tâm Học liệu Trường Đại học Cần Thơ
LEADER 00628nam a2200193Ia 4500
001 CTU_55450
008 210402s9999 xx 000 0 und d
020 |b 100000 
082 |a 621.317 
082 |b Ph500 
100 |a Nguyễn Xuân Phú 
245 0 |a Khí cụ điện: Lý thuyết kết cấu và tính toán, lựa chọn và sử dụng 
245 0 |c Nguyễn Xuân Phú 
260 |a H. 
260 |b KHKT 
260 |c 2001 
650 |a electric engineering,electric apparatus and appliances 
650 |x equipment and supplies 
980 |a Trung tâm Học liệu Trường Đại học Cần Thơ